| 000 | 00979nam a2200253 a 4500 | ||
|---|---|---|---|
| 001 | 19782 | ||
| 003 | CO-ViMGA | ||
| 008 | 141112s2004 ck r 000 u spa d | ||
| 020 | _a9701509935 | ||
| 040 |
_aCO-ViMGA _bspa _cCO-ViMGA |
||
| 082 | 0 | 4 | _a658.53 N431i |
| 100 | 1 |
_aNiebel, Benjamin; Freivalds, Andris _928638 |
|
| 245 | 1 | 0 |
_aIngeniería Industrial : _bmetodos, estándares y diseño del trabajo |
| 250 | _a11 | ||
| 260 |
_aMexico : _bAlfaomega, _c2004 |
||
| 300 | _a745 p. + CD Rom | ||
| 500 | _aIngenieria de metodos para medir, analizar y diseñar el trabajo manual, para incrementar la productividad, mejorar la salud y seguridad del trabajador y con ello los costos finales de la compañia . | ||
| 590 |
_aForma de adquisición : Proyecto 2005 - - Precio : _70.200 |
||
| 650 | 1 | 4 |
_aDISEÑO DEL ENTORNO DE TRABAJO _928639 |
| 650 | 1 | 4 |
_aDISEÑO DEL TRABAJO MANUAL _928640 |
| 650 | 1 | 4 | _aINGENIERIA INDUSTRIAL |
| 650 | 1 | 4 |
_aPRODUCTIVIDAD _96987 |
| 942 |
_2ddc _cBK |
||
| 999 |
_c28914 _d28914 |
||